| 000 | 00748nmm a2200205Ia 4500 | ||
|---|---|---|---|
| 008 | 251105s9999||||xx |||||||||||||||||und|| | ||
| 041 | _aspa | ||
| 100 | _aFranco Agudo, Carlos | ||
| 245 | 0 | _aProgramación didáctica de ESPA. Programaciones didácticas. Nivel II - Módulo IV. Ámbito social | |
| 264 |
_a[Madrid, España] : _bMinisterio de Educación, Cultura y Deporte de España, _c2010 |
||
| 300 | _a45 páginas | ||
| 650 | _aEducation | ||
| 700 | _aFranco Agudo, Carlos | ||
| 700 | 1 | _a Gallur Muleiro, Mercedes | |
| 700 | 1 | _a García de Diego, María Dolores | |
| 700 | 1 | _a Martínez Martínez, Miguel Ángel | |
| 700 | 1 | _a Otras menciones: Terán Herranz, | |
| 856 | _uhttps://public.digitaliapublishing.com/a/14757 | ||
| 942 | _cCF | ||
| 999 |
_c65616 _d65616 |
||